Anar al contingut

Проектирование и исследование в архитектуре

Учебно-методическое пособие посвящено взаимосвязи архитектурного проектирования и научного исследования, направленного на поиск инновационных концептуальных решений. Раскрывает содержание научных методов исследования, направленных на поиск архитектурных проблем в рамках устойчивого развития зданий и...

Descripció completa

Guardat en:
Dades bibliogràfiques
Autor principal: Анисимова Л. В.
Format: Книга
Idioma:Russian
Publicat: Москва МИСИ – МГСУ 2023
Accés en línia:https://e.lanbook.com/book/369815
https://e.lanbook.com/img/cover/book/369815.jpg
Etiquetes: Afegir etiqueta
Sense etiquetes, Sigues el primer a etiquetar aquest registre!
LEADER 02178nam0a2200277 i 4500
001 369815
003 RuSpLAN
005 20240216150950.0
008 240216s2023 ru gs 000 0 rus
020 |a 978-5-7264-3240-3 
040 |a RuSpLAN 
041 0 |a rus 
044 |a ru 
080 |a 721 
084 |a 38.2  |2 rubbk 
245 0 0 |a Проектирование и исследование в архитектуре  |c Анисимова Л. В. 
260 |a Москва  |b МИСИ – МГСУ  |c 2023 
300 |a 43 с. 
504 |a Библиогр.: доступна в карточке книги, на сайте ЭБС Лань 
520 8 |a Учебно-методическое пособие посвящено взаимосвязи архитектурного проектирования и научного исследования, направленного на поиск инновационных концептуальных решений. Раскрывает содержание научных методов исследования, направленных на поиск архитектурных проблем в рамках устойчивого развития зданий и сооружений. Знакомит с методами обоснования выбора темы ВКР, разработки социально-функциональной программы проектирования, проведения предпроектного исследования, а также разработки концептуальной модели в соответствии с принципами устойчивого развития архитектуры. Для обучающихся по направлению подготовки 07.04.01 Архитектура 
521 8 |a Книга из коллекции МИСИ – МГСУ - Инженерно-технические науки 
521 8 |a СЭБ 
100 1 |a Анисимова Л. В. 
856 4 |u https://e.lanbook.com/book/369815 
856 4 8 |u https://e.lanbook.com/img/cover/book/369815.jpg 
953 |a https://e.lanbook.com/img/cover/book/369815.jpg